Catálogo público

Shrub-Steppe : balance and change in a semi-arid terrestrial ecosystem / (Record no. 164361)

MARC details
000 -CABECERA
campo de control de longitud fija 00779nam a2200253Ia 4500
001 - NÚMERO DE CONTROL
campo de control Z_1273
008 - DATOS DE LONGITUD FIJA--INFORMACIÓN GENERAL
campo de control de longitud fija 220113s1988 xx 000 0 und d
010 ## - NÚMERO DE CONTROL DE LA BIBLIOTECA DEL CONGRESO
Número de control de LC 164361
082 ## - NÚMERO DE LA CLASIFICACIÓN DECIMAL DEWEY
Número de clasificación 635.977 R5 REGISTRO REPETIDO
100 ## - ENTRADA PRINCIPAL--NOMBRE DE PERSONA
Nombre de persona Richard, W. H.
9 (RLIN) 97245
245 ## - MENCIÓN DE TÍTULO
Título Shrub-Steppe : balance and change in a semi-arid terrestrial ecosystem /
Mención de responsabilidad, etc. ed. by W. H. Richard [and others]
260 ## - PUBLICACIÓN, DISTRIBUCIÓN, ETC.
Lugar de publicación, distribución, etc. Amsterdam :
Nombre del editor, distribuidor, etc. Elsevier,
Fecha de publicación, distribución, etc. 1988
300 ## - DESCRIPCIÓN FÍSICA
Extensión 272 p. :
Otras características físicas ilus
440 ## - MENCIÓN DE SERIE/PUNTO DE ACCESO ADICIONAL--TÍTULO
Título Developments in agricultural and managed-forest ecology; 20
9 (RLIN) 138512
503 ## - NOTA DE HISTORIA BIBLIOGRÁFICA (BK CF MU) [OBSOLETO]
Nota de historia bibliográfica 160966
650 ## - PUNTO DE ACCESO ADICIONAL DE MATERIA--TÉRMINO DE MATERIA
Término de materia o nombre geográfico como elemento de entrada Arbustos
9 (RLIN) 6713
650 ## - PUNTO DE ACCESO ADICIONAL DE MATERIA--TÉRMINO DE MATERIA
Término de materia o nombre geográfico como elemento de entrada Ecología vegetal I.t.
9 (RLIN) 138513
650 ## - PUNTO DE ACCESO ADICIONAL DE MATERIA--TÉRMINO DE MATERIA
Término de materia o nombre geográfico como elemento de entrada Ecosistema
9 (RLIN) 35290
901 ## - ELEMENTOS DE DATOS A LOCAL LDA (RLIN)
a 635.977 R5 REGISTRO REPETIDO
902 ## - ELEMENTOS DE DATOS B LOCAL, LDB (RLIN)
a M
910 ## - DATOS DE OPCIÓN DEL USUARIO (OCLC)
Datos de opción del usuario 1988
942 ## - ELEMENTOS DE PUNTO DE ACCESO ADICIONAL (KOHA)
Tipo de ítem Koha

No items available.